书目信息 |
| 题名: |
新闻记者培训教材
|
|
| 作者: | 柳斌杰 主编 | |
| 分册: | 下 | |
| 出版信息: | 北京 人民出版社 2013 |
|
| 页数: | 353-738页 | |
| 开本: | 24cm | |
| 丛书名: | ||
| 单 册: | ||
| 中图分类: | G214.2 | |
| 科图分类: | ||
| 主题词: | 新闻工作--记者--岗位培训--教材 | |
| 电子资源: | ||
| ISBN: | 978-7-01-012221-2 | |
| 000 | 00734nam0 2200229 450 | |
| 001 | 337826 | |
| 005 | 20150529084444.85 | |
| 010 | @a978-7-01-012221-2@dCNY49.50 | |
| 100 | @a20131016d2013 em y0chiy50 ea | |
| 101 | 0 | @achi |
| 102 | @aCN@b110000 | |
| 105 | @ay z 000yy | |
| 106 | @ar | |
| 200 | 1 | @a新闻记者培训教材@Axin wen ji zhe pei xun jiao cai@e2013@h下@f柳斌杰主编 |
| 210 | @a北京@c人民出版社@d2013 | |
| 215 | @a353-738页@d24cm | |
| 330 | @a本书内容包括: 培训课程、学习参考资料 (新闻采编法规及相关规定) 、新闻单位采编管理规范、练习题。 | |
| 606 | 0 | @a新闻工作@x记者@x岗位培训@j教材 |
| 690 | @aG214.2@v5 | |
| 701 | 0 | @a柳斌杰@Aliu bin jie@f(1948.9)@4主编 |
| 801 | 0 | @aCN@b卓展宏图@c20150525 |
| 905 | @dG214.2@e612:2@f5 | |
| 新闻记者培训教材:2013.下/柳斌杰主编.-北京:人民出版社,2013 |
| 353-738页;24cm |
| ISBN 978-7-01-012221-2:CNY49.50 |
| 本书内容包括: 培训课程、学习参考资料 (新闻采编法规及相关规定) 、新闻单位采编管理规范、练习题。 |
| ● |
| 相关链接 |
|
|
|
|
正题名:新闻记者培训教材
索取号:G214.2/612:2
 
预约/预借
| 序号 | 登录号 | 条形码 | 馆藏地/架位号 | 状态 | 备注 |
| 1 | 856322 | 208563222 | 第一样本阅览室/ [索取号:G214.2/612:2] | 在馆 | |
| 2 | 856323 | 208563231 | 第四借阅区/ [索取号:G214.2/612:2] | 在馆 | |
| 3 | 856324 | 208563240 | 第四借阅区/ [索取号:G214.2/612:2] | 在馆 | |
| 4 | 856325 | 208563259 | 密集书库-文学院/ [索取号:G214.2/612:2] | 在馆 | |
| 5 | 856326 | 208563268 | 密集书库-文学院/ [索取号:G214.2/612:2] | 在馆 |